000 00322cam a22001217a 4500
008 180718b1991 xxu||||| |||| 00| 0 eng d
082 _aR I5372053 Si47
100 _aSimmons, Ian
245 _aComputer dictionary
_cby Ian Simmons
260 _aNew Delhi
_bBPB
_c1991
300 _a216p.
650 _aComputers - Dictionaries
999 _c352925
_d352925